00301nam a2200121Ia 4500001000400000008004100004082002000045100001700065245003000082260002400112901002800136999001500164688241024s9999 xx 000 0 und d aRD/861.44/M516s aFreddy Mejia 0aSuen˃os de la democracia bSanto Domingoc2007 a26/11/2010 3:34:56 p.m. c7883d7883